[Event "BCF-chTa 1112 (4NCL)"]
[Site "England"]
[Date "2011.11.13"]
[Round "2.6"]
[White "Greet, Andrew"]
[Black "Hulmes, David I"]
[Result "1-0"]
[WhiteElo "2449"]
[BlackElo "2273"]
[PlyCount "121"]
[EventDate "2011.11.12"]
[EventType "team-tourn"]
[EventRounds "7"]
[EventCountry "ENG"]
[SourceTitle "EXT 2013"]
[Source "ChessBase"]
[SourceDate "2012.11.22"]
[SourceVersion "1"]
[SourceVersionDate "2012.11.22"]
[SourceQuality "1"]
[WhiteTeam "Wood Green Hilsmark"]
[BlackTeam "e2e4.org.uk"]
[WhiteTeamCountry "ENG"]
[BlackTeamCountry "ENG"]

1. d4 d5 2. c4 e6 3. Nf3 Nf6 4. g3 Be7 5. Bg2 0-0 6. 0-0 dxc4 7. Qc2 a6 8. a4 Bd7 9. Qxc4 Bc6 10. Bf4 Nd5 11. Nc3 Nxf4 12. gxf4 a5 13. e3 Na6 14. Ne5 Bxg2 15. Kxg2 c6 16. Rg1 Nb4 17. Kh1 Nd5 18. Qe2 Bf6 19. Ne4 g6 20. Rg2 Bg7 21. Rag1 Qe7 22. Qf3 Rac8 23. h4 Nf6 24. Nxf6+ Bxf6 25. h5 Bxe5 26. dxe5 Kg7 27. f5 exf5 28. Qxf5 Kh8 29. Qe4 Rcd8 30. f4 Qe6 31. hxg6 fxg6 32. Rh2 Kg7 33. Qc2 Rd7 34. Qc3 Qd5+ 35. Rhg2 Kg8 36. Kh2 Rf5 37. Rc1 Qd3 38. Kg3 Kf7 39. Qxd3 Rxd3 40. Rc3 Rxc3 41. bxc3 Ke6 42. Rd2 Rf8 43. c4 Rb8 44. Rb2 b6 45. Kg4 h6 46. Rh2 Rh8 47. Rd2 h5+ 48. Kg5 h4 49. Rh2 b5 50. cxb5 cxb5 51. axb5 h3 52. b6 a4 53. b7 Rb8 54. Rxh3 Rxb7 55. Rh6 Rg7 56. Rh2 Kd5 57. Rd2+ Kc5 58. e6 a3 59. Kf6 Rg8 60. e7 Kb4 61. Kf7 1-0

[Event "BCF-chT1b 1011 (4NCL)"]
[Site "England"]
[Date "2011.01.16"]
[Round "4.18"]
[White "Milovanovic, Aleksander"]
[Black "Hulmes, David I"]
[Result "0-1"]
[WhiteElo "2255"]
[BlackElo "2255"]
[PlyCount "117"]
[EventDate "2010.11.06"]
[EventType "team-tourn"]
[EventRounds "7"]
[EventCountry "ENG"]
[SourceTitle "EXT 2012"]
[Source "ChessBase"]
[SourceDate "2011.11.24"]
[SourceVersion "1"]
[SourceVersionDate "2011.11.24"]
[SourceQuality "1"]
[WhiteTeam "Oxford"]
[BlackTeam "e2e4.org.uk"]
[WhiteTeamCountry "ENG"]
[BlackTeamCountry "ENG"]

1. Nf3 d5 2. g3 c5 3. b3 Nc6 4. Bb2 f6 5. d4 cxd4 6. Nxd4 e5 7. Nxc6 bxc6 8. Bg2 Be6 9. 0-0 Bc5 10. Nd2 Ne7 11. c4 0-0 12. Qc1 Rc8 13. Rd1 Qb6 14. e3 Rfd8 15. Ba3 a5 16. Rb1 Bf5 17. Bxc5 Qxc5 18. Rb2 Qb4 19. c5 Rb8 20. Bf1 a4 21. Nb1 a3 22. Rbd2 Bxb1 23. Qxb1 Qxc5 24. Rc2 Qb4 25. Qc1 Ra8 26. Rd3 g6 27. Bh3 Kf7 28. f4 e4 29. Rd4 Qb6 30. Rc3 Ra7 31. g4 Rda8 32. Bf1 Ra5 33. b4 Ra4 34. Rb3 h5 35. h3 hxg4 36. hxg4 Rh8 37. Qc5 Qxc5 38. bxc5 Ra7 39. Rdb4 Rha8 40. Rb7 Kf8 41. Rxa7 Rxa7 42. Kf2 g5 43. f5 Ra5 44. Rc3 Ng8 45. Ke1 Nh6 46. Be2 Nf7 47. Kd2 Ne5 48. Kc2 Nd7 49. Kb3 Rxc5 50. Rxc5 Nxc5+ 51. Kxa3 Ke7 52. Kb4 Kd6 53. a4 Nd7 54. a5 Kc7 55. Bf1 Kb7 56. Be2 Ka7 57. Bf1 Ne5 58. Be2 Nd3+ 59. Kc3 0-1

[Event "BCF-chT2b 0910 (4NCL)"]
[Site "England"]
[Date "2010.03.27"]
[Round "7.1"]
[White "Thomas, Nicholas"]
[Black "Hulmes, David I"]
[Result "1/2-1/2"]
[WhiteElo "2291"]
[BlackElo "2227"]
[PlyCount "52"]
[EventDate "2009.10.24"]
[EventType "team-tourn"]
[EventRounds "11"]
[EventCountry "ENG"]
[SourceTitle "EXT 2010"]
[Source "ChessBase"]
[SourceDate "2010.11.25"]
[SourceVersion "1"]
[SourceVersionDate "2010.11.25"]
[SourceQuality "1"]
[WhiteTeam "Warwicks Select"]
[BlackTeam "e2e4.org.uk"]
[WhiteTeamCountry "ENG"]
[BlackTeamCountry "ENG"]

1. e4 e5 2. Nf3 Nc6 3. d4 exd4 4. Bc4 Nf6 5. 0-0 Nxe4 6. Re1 d5 7. Bxd5 Qxd5 8. Nc3 Qh5 9. Nxe4 Be6 10. Bg5 Bd6 11. c4 h6 12. Nxd6+ cxd6 13. Bf4 Qc5 14. Rc1 0-0 15. Nd2 Rfd8 16. Ne4 Qf5 17. Bxd6 Qg6 18. Bc7 Rd7 19. Bg3 b6 20. Qf3 Rad8 21. Qd3 Bf5 22. f3 Re7 23. c5 Rde8 24. cxb6 axb6 25. Qb5 Ne5 26. Nd2 Nd7 1/2-1/2

[Event "BCF-chT2b 0910 (4NCL)"]
[Site "England"]
[Date "2010.02.21"]
[Round "6.1"]
[White "Hoffmann, Hendrik"]
[Black "Hulmes, David I"]
[Result "1/2-1/2"]
[WhiteElo "2252"]
[BlackElo "2227"]
[PlyCount "38"]
[EventDate "2009.10.24"]
[EventType "team-tourn"]
[EventRounds "11"]
[EventCountry "ENG"]
[SourceTitle "EXT 2010"]
[Source "ChessBase"]
[SourceDate "2010.11.25"]
[SourceVersion "1"]
[SourceVersionDate "2010.11.25"]
[SourceQuality "1"]
[WhiteTeam "Celtic Tigers"]
[BlackTeam "e2e4.org.uk"]
[WhiteTeamCountry "ENG"]
[BlackTeamCountry "ENG"]

1. e4 e5 2. Nf3 Nc6 3. d4 exd4 4. Bc4 Nf6 5. 0-0 Nxe4 6. Re1 d5 7. Bxd5 Qxd5 8. Nc3 Qa5 9. Nxe4 Be6 10. Bg5 Bd6 11. Nxd6+ cxd6 12. Bf4 Qd5 13. c3 0-0 14. Nxd4 Nxd4 15. cxd4 Rfc8 16. b3 Rc6 17. Qd3 Rac8 18. Rac1 Rxc1 19. Rxc1 Rxc1+ 1/2-1/2

[Event "BCF-chT1b 0809 (4NCL)"]
[Site "England"]
[Date "2009.01.18"]
[Round "6.3"]
[White "Taylor, Martin R"]
[Black "Hulmes, David I"]
[Result "1/2-1/2"]
[WhiteElo "2339"]
[BlackElo "2219"]
[PlyCount "52"]
[EventDate "2008.10.04"]
[EventType "team-tourn"]
[EventRounds "7"]
[EventCountry "ENG"]
[SourceTitle "EXT 2010"]
[Source "ChessBase"]
[SourceDate "2010.11.25"]
[SourceVersion "1"]
[SourceVersionDate "2010.11.25"]
[SourceQuality "1"]
[WhiteTeam "Barbican II"]
[BlackTeam "NW Eagles"]
[WhiteTeamCountry "ENG"]
[BlackTeamCountry "ENG"]

1. d4 d5 2. Nf3 Nf6 3. c4 e6 4. Nc3 Be7 5. Bg5 h6 6. Bh4 0-0 7. e3 b6 8. Be2 Bb7 9. Bxf6 Bxf6 10. cxd5 exd5 11. Qb3 c6 12. 0-0 Bc8 13. Rfe1 Re8 14. e4 Be6 15. exd5 cxd5 16. Rad1 Nc6 17. Qa4 Ne7 18. Ne5 a6 19. Bf3 Qd6 20. Ng4 Bxg4 21. Bxg4 b5 22. Qb3 Red8 23. Bf3 Rac8 24. Nxd5 Nxd5 25. Bxd5 Rc7 26. Bf3 Bxd4 1/2-1/2

[Event "BCF-chT1b 0809 (4NCL)"]
[Site "England"]
[Date "2008.12.06"]
[Round "3.3"]
[White "Hulmes, David I"]
[Black "Webb, Laurence"]
[Result "1/2-1/2"]
[WhiteElo "2203"]
[BlackElo "2347"]
[PlyCount "81"]
[EventDate "2008.10.04"]
[EventType "team-tourn"]
[EventRounds "7"]
[EventCountry "ENG"]
[SourceTitle "CBM 127 Extra"]
[Source "ChessBase"]
[SourceDate "2009.01.08"]
[SourceVersion "2"]
[SourceVersionDate "2009.01.28"]
[SourceQuality "1"]
[WhiteTeam "NW Eagles"]
[BlackTeam "Betsson.com"]
[WhiteTeamCountry "ENG"]
[BlackTeamCountry "ENG"]

1. e4 e5 2. Nf3 Nc6 3. Bb5 a6 4. Ba4 Nf6 5. 0-0 b5 6. Bb3 Bc5 7. c3 d6 8. a4 Rb8 9. d4 Bb6 10. Na3 Bg4 11. axb5 axb5 12. Nxb5 0-0 13. Bc2 Bxf3 14. gxf3 Nh5 15. f4 Qh4 16. fxe5 dxe5 17. Be3 Rbd8 18. d5 Na5 19. Ra4 Nb7 20. Qf3 Nd6 21. Na3 Ra8 22. Bxb6 cxb6 23. Rb4 Rab8 24. Nc4 Nxc4 25. Rxc4 Nf4 26. Rc6 Rfc8 27. Rxc8+ Rxc8 28. Kh1 Rd8 29. Rg1 Qe7 30. Qg4 g6 31. Ra1 h5 32. Qf3 Rd6 33. Qe3 Kg7 34. b4 Qc7 35. Bb3 b5 36. Ra5 Qb7 37. Bd1 Ra6 38. Be2 Rxa5 39. bxa5 Qa6 40. Qb6 Qc8 41. Qe3 1/2-1/2

[Event "BCF-chT 0708 (4NCL)"]
[Site "Sunningdale"]
[Date "2008.01.12"]
[Round "5.7"]
[White "Stanford, Maxim Barth"]
[Black "Hulmes, David I"]
[Result "1-0"]
[WhiteElo "2350"]
[BlackElo "2220"]
[PlyCount "81"]
[EventDate "2007.09.15"]
[EventType "team-tourn"]
[EventRounds "11"]
[EventCountry "ENG"]
[SourceTitle "EXT 2008"]
[Source "ChessBase"]
[SourceDate "2007.11.25"]
[SourceVersion "1"]
[SourceVersionDate "2007.11.25"]
[SourceQuality "1"]
[WhiteTeam "Barbican"]
[BlackTeam "North West Eagles"]
[WhiteTeamCountry "ENG"]
[BlackTeamCountry "ENG"]

1. d4 d5 2. c4 e6 3. Nf3 Nf6 4. Nc3 Be7 5. Bg5 h6 6. Bh4 0-0 7. e3 b6 8. Be2 Bb7 9. Bxf6 Bxf6 10. cxd5 exd5 11. b4 c5 12. bxc5 bxc5 13. Rb1 Bc6 14. 0-0 Nd7 15. Bb5 Qc7 16. Qc2 Rac8 17. Rfc1 Rfd8 18. Qb3 c4 19. Qa3 Nb8 20. Bxc6 Nxc6 21. Rb5 Qe7 22. Qxe7 Nxe7 23. Rb7 a6 24. Rcb1 Rc6 25. a4 Nc8 26. Rb8 Kh7 27. Kf1 h5 28. h3 g5 29. g4 hxg4 30. hxg4 Kg6 31. Ke2 Bg7 32. a5 Rdd6 33. R1b7 f6 34. Nd2 Bh6 35. Nf1 f5 36. gxf5+ Kxf5 37. e4+ dxe4 38. Ne3+ Kg6 39. d5 Rc5 40. Nxe4 Rdxd5 41. Nxd5 1-0

[Event "BCF-chT3 0607 (4NCL)"]
[Site "Sunningdale"]
[Date "2007.05.07"]
[Round "11.23"]
[White "Hulmes, David I"]
[Black "Zeidler, Sven P"]
[Result "0-1"]
[WhiteElo "2216"]
[BlackElo "2213"]
[PlyCount "106"]
[EventDate "2006.09.16"]
[EventType "team"]
[EventRounds "11"]
[EventCountry "ENG"]
[SourceTitle "EXT 2008"]
[Source "ChessBase"]
[SourceDate "2007.11.25"]
[SourceVersion "1"]
[SourceVersionDate "2007.11.25"]
[SourceQuality "1"]
[WhiteTeam "NW Eagles II"]
[BlackTeam "SW Dragons II"]
[WhiteTeamCountry "ENG"]
[BlackTeamCountry "ENG"]

1. e4 d5 2. exd5 Qxd5 3. Nc3 Qd6 4. d4 Nf6 5. Nf3 a6 6. Bd3 Bg4 7. Ne4 Nxe4 8. Bxe4 c6 9. c3 Nd7 10. Qb3 Qe6 11. Qxe6 Bxe6 12. 0-0 Bd5 13. Re1 Nf6 14. Bc2 Bxf3 15. gxf3 e6 16. f4 g6 17. f5 gxf5 18. Bxf5 0-0-0 19. Bc2 Bd6 20. h3 Rdg8+ 21. Kh1 h5 22. Rg1 Rxg1+ 23. Kxg1 Rg8+ 24. Kh1 h4 25. Be3 Nd5 26. Rg1 Rxg1+ 27. Kxg1 Bf4 28. Bxf4 Nxf4 29. Kh2 a5 30. Bb1 Kd7 31. Be4 Kd6 32. f3 b6 33. Bc2 c5 34. dxc5+ Kxc5 35. Ba4 b5 36. Bc2 a4 37. Be4 f5 38. Bb7 Nd3 39. Bc8 Nxb2 40. Bxe6 f4 41. Kg2 Nd1 42. Kf1 Nxc3 43. Ke1 b4 44. Kd2 Kd4 45. Bd7 b3 46. axb3 axb3 47. Kc1 Ke3 48. Kb2 Ne2 49. Kxb3 Nd4+ 50. Kc4 Nxf3 51. Kd5 Ng1 52. Ke5 f3 53. Kf5 f2 0-1

[Event "BCF-chT3 0607 (4NCL)"]
[Site "Sunningdale"]
[Date "2007.05.06"]
[Round "10.3"]
[White "Nelson, Omowale"]
[Black "Hulmes, David I"]
[Result "0-1"]
[WhiteElo "2096"]
[BlackElo "2216"]
[PlyCount "78"]
[EventDate "2006.09.16"]
[EventType "team"]
[EventRounds "11"]
[EventCountry "ENG"]
[SourceTitle "EXT 2008"]
[Source "ChessBase"]
[SourceDate "2007.11.25"]
[SourceVersion "1"]
[SourceVersionDate "2007.11.25"]
[SourceQuality "1"]
[WhiteTeam "Slough Sharks III"]
[BlackTeam "NW Eagles II"]
[WhiteTeamCountry "ENG"]
[BlackTeamCountry "ENG"]

1. d4 d5 2. c4 e6 3. Nc3 Nf6 4. e3 c5 5. Nf3 Nc6 6. dxc5 Bxc5 7. cxd5 exd5 8. Be2 0-0 9. 0-0 a6 10. Qc2 Bd6 11. Rd1 Be6 12. a3 Rc8 13. Qa4 Qe7 14. Qh4 Rfd8 15. Bd2 Bf5 16. Rac1 h6 17. Be1 Bb8 18. b4 Ne5 19. Nd4 Bd7 20. a4 Ng6 21. Nxd5 Nxd5 22. Qxe7 Ngxe7 23. b5 axb5 24. axb5 Rxc1 25. Rxc1 Rc8 26. Bd2 Rxc1+ 27. Bxc1 Ba7 28. Ba3 Bxd4 29. exd4 b6 30. Bc4 Be6 31. Bd6 Nc8 32. Bb8 Kf8 33. f4 Nxf4 34. Bxe6 Nxe6 35. d5 Nc5 36. Kf2 Ke7 37. Ke3 Nd6 38. Bc7 Nd7 39. Kd4 Nxb5+ 0-1

[Event "BCF-chT3 0607 (4NCL)"]
[Site "Sunningdale"]
[Date "2007.05.05"]
[Round "9.3"]
[White "Hulmes, David I"]
[Black "Girdlestone, Paul C"]
[Result "1-0"]
[WhiteElo "2216"]
[BlackElo "2225"]
[PlyCount "69"]
[EventDate "2006.09.16"]
[EventType "team"]
[EventRounds "11"]
[EventCountry "ENG"]
[SourceTitle "EXT 2008"]
[Source "ChessBase"]
[SourceDate "2007.11.25"]
[SourceVersion "1"]
[SourceVersionDate "2007.11.25"]
[SourceQuality "1"]
[WhiteTeam "NW Eagles II"]
[BlackTeam "Braille Chess Association"]
[WhiteTeamCountry "ENG"]
[BlackTeamCountry "ENG"]

1. e4 e5 2. Nf3 Nc6 3. Bb5 a6 4. Ba4 d6 5. c3 Bd7 6. 0-0 g6 7. d4 Bg7 8. Re1 Nge7 9. d5 Nb8 10. Bc2 0-0 11. c4 b5 12. b3 f5 13. Bb2 fxe4 14. Bxe4 Nf5 15. Nbd2 c5 16. dxc6 Nxc6 17. Bd5+ Kh8 18. Ne4 Rc8 19. Qd2 bxc4 20. Bxc4 Bh6 21. Qd1 Nfd4 22. Nxd4 exd4 23. Nxd6 Qh4 24. Ne4 Rce8 25. Ng3 Qf4 26. Rf1 Bg7 27. Qc1 Qh4 28. Qd2 Rf4 29. Rae1 Ne5 30. Bxa6 Bc6 31. Be2 Bh6 32. Qd1 Qd8 33. Bd3 Rh4 34. Re2 Bf3 35. Rfe1 1-0

[Event "BCF-chT3 0607 (4NCL)"]
[Site "Sunningdale"]
[Date "2006.11.12"]
[Round "4.3"]
[White "Krzywda, Andrzej"]
[Black "Hulmes, David I"]
[Result "1/2-1/2"]
[WhiteElo "2162"]
[BlackElo "2225"]
[PlyCount "79"]
[EventDate "2006.09.16"]
[EventType "team"]
[EventRounds "11"]
[EventCountry "ENG"]
[SourceTitle "EXT 2008"]
[Source "ChessBase"]
[SourceDate "2007.11.25"]
[SourceVersion "1"]
[SourceVersionDate "2007.11.25"]
[SourceQuality "1"]
[WhiteTeam "Kings Head"]
[BlackTeam "NW Eagles II"]
[WhiteTeamCountry "ENG"]
[BlackTeamCountry "ENG"]

1. e4 e5 2. Nf3 Nc6 3. Bb5 f5 4. Nc3 fxe4 5. Nxe4 d5 6. Ng3 Bg4 7. h3 Bxf3 8. Qxf3 Nf6 9. d3 Qd6 10. 0-0 0-0-0 11. c3 Kb8 12. Re1 Re8 13. Bg5 Nd7 14. Qf7 Qe6 15. Qxe6 Rxe6 16. d4 Be7 17. Bd2 Bf6 18. Re2 a6 19. Bd3 g6 20. Rae1 Re7 21. dxe5 Ndxe5 22. Bb1 Rd8 23. Bc1 Rde8 24. Kf1 Nc4 25. Rd1 Rd8 26. Rxe7 Bxe7 27. b3 N4e5 28. f4 Nf7 29. f5 Nfe5 30. Ne2 Bf6 31. Be3 Ne7 32. Nd4 gxf5 33. Nxf5 Nxf5 34. Bxf5 Ng6 35. Bxg6 hxg6 36. Bd4 Bxd4 37. Rxd4 c5 38. Rg4 Rd6 39. h4 Kc7 40. Ke2 1/2-1/2

[Event "BCF-chT3 0607 (4NCL)"]
[Site "Sunningdale"]
[Date "2006.09.16"]
[Round "1.1"]
[White "Hulmes, David I"]
[Black "Summerscale, Aaron"]
[Result "0-1"]
[WhiteElo "2225"]
[BlackElo "2484"]
[PlyCount "60"]
[EventDate "2006.09.16"]
[EventType "team"]
[EventRounds "11"]
[EventCountry "ENG"]
[SourceTitle "CBM 115 Extra"]
[Source "ChessBase"]
[SourceDate "2007.01.10"]
[SourceVersion "1"]
[SourceVersionDate "2007.01.10"]
[SourceQuality "1"]
[WhiteTeam "NW Eagles II"]
[BlackTeam "Pride and Prejudice "]
[WhiteTeamCountry "ENG"]
[BlackTeamCountry "ENG"]

1. e4 e6 2. d4 d5 3. Nd2 Nc6 4. Ngf3 Nf6 5. e5 Nd7 6. Nb3 Be7 7. c3 f6 8. exf6 Bxf6 9. Bb5 0-0 10. 0-0 e5 11. Bxc6 bxc6 12. dxe5 Nxe5 13. Nxe5 Bxe5 14. Be3 Qh4 15. g3 Qh3 16. f4 Bd6 17. Qd2 Qh5 18. Nc5 Bh3 19. Rf2 Rfe8 20. Bd4 Re7 21. Nd3 Re6 22. b4 Re4 23. Re1 a5 24. Rfe2 axb4 25. Rxe4 dxe4 26. Rxe4 Qd5 27. Re2 c5 28. Be5 b3 29. axb3 Ra1+ 30. Kf2 Rf1+ 0-1

[Event "BCF-chT2 0506 (4NCL)"]
[Site "Birmingham"]
[Date "2006.03.04"]
[Round "7.1"]
[White "Corkett, Anthony R"]
[Black "Hulmes, David I"]
[Result "1/2-1/2"]
[WhiteElo "2354"]
[BlackElo "2206"]
[PlyCount "81"]
[EventDate "2005.10.22"]
[EventType "team"]
[EventRounds "11"]
[EventCountry "ENG"]
[SourceTitle "EXT 2007"]
[Source "ChessBase"]
[SourceDate "2006.11.23"]
[SourceVersion "1"]
[SourceVersionDate "2006.11.23"]
[SourceQuality "1"]
[WhiteTeam "Wessex"]
[BlackTeam "Micro Mark NWE II"]
[WhiteTeamCountry "ENG"]
[BlackTeamCountry "ENG"]

1. Nf3 d5 2. g3 c5 3. Bg2 Nc6 4. d4 e6 5. 0-0 Nf6 6. a3 Be7 7. dxc5 Bxc5 8. b4 Be7 9. Bb2 0-0 10. Nbd2 Bd7 11. c4 a5 12. b5 Na7 13. a4 Nc8 14. Rc1 Nd6 15. Ne5 Bc8 16. Qb3 Nxc4 17. Ndxc4 dxc4 18. Nxc4 Nd7 19. Rfd1 Bb4 20. Ne5 Qe7 21. Rxc8 Raxc8 22. Rxd7 Qg5 23. Bxb7 Rcd8 24. h4 Qf5 25. e4 Qh5 26. Qd3 Rxd7 27. Nxd7 Re8 28. Bc6 f5 29. exf5 exf5 30. Ne5 Rf8 31. Bf3 Qe8 32. Qd5+ Kh8 33. h5 Be7 34. Nd7 Rf7 35. h6 Bf6 36. Nxf6 gxf6 37. Qxf5 Qf8 38. Bd5 Qe7 39. Bxf7 Qe1+ 40. Kg2 Qh1+ 41. Kxh1 1/2-1/2

[Event "BCF-chT2 0506 (4NCL)"]
[Site "Birmingham"]
[Date "2006.01.15"]
[Round "6.3"]
[White "Wall, Gavin"]
[Black "Hulmes, David I"]
[Result "1/2-1/2"]
[WhiteElo "2348"]
[BlackElo "2206"]
[PlyCount "69"]
[EventDate "2005.10.22"]
[EventType "team"]
[EventRounds "11"]
[EventCountry "ENG"]
[SourceTitle "EXT 2007"]
[Source "ChessBase"]
[SourceDate "2006.11.23"]
[SourceVersion "1"]
[SourceVersionDate "2006.11.23"]
[SourceQuality "1"]
[WhiteTeam "Richmond"]
[BlackTeam "Micro Mark NWE II"]
[WhiteTeamCountry "ENG"]
[BlackTeamCountry "ENG"]

1. e4 e5 2. Nf3 Nc6 3. Bc4 Bc5 4. c3 Nf6 5. d3 a6 6. Bb3 d6 7. Nbd2 Ba7 8. h3 0-0 9. Nf1 h6 10. Ng3 Ne7 11. Nh4 d5 12. Qf3 Qd6 13. 0-0 c6 14. Re1 Nh7 15. Nhf5 Nxf5 16. Nxf5 Bxf5 17. Qxf5 Rfe8 18. Be3 Bxe3 19. Rxe3 Re7 20. exd5 cxd5 21. Rae1 Rae8 22. f4 exf4 23. Rxe7 Rxe7 24. Rxe7 Qxe7 25. Qxf4 Nf6 26. Kf2 Qc5+ 27. Qe3 b6 28. Qxc5 bxc5 29. Ke3 g5 30. Bd1 Kf8 31. d4 c4 32. Bf3 Ke7 33. b4 Kd6 34. a4 Kc6 35. g3 1/2-1/2

[Event "BCF-chT2 0506 (4NCL)"]
[Site "Birmingham"]
[Date "2005.11.19"]
[Round "3.2"]
[White "Bigg, Andrew J"]
[Black "Hulmes, David I"]
[Result "1/2-1/2"]
[WhiteElo "2295"]
[BlackElo "2206"]
[PlyCount "114"]
[EventDate "2005.10.22"]
[EventType "team"]
[EventRounds "11"]
[EventCountry "ENG"]
[SourceTitle "EXT 2007"]
[Source "ChessBase"]
[SourceDate "2006.11.23"]
[SourceVersion "1"]
[SourceVersionDate "2006.11.23"]
[SourceQuality "1"]
[WhiteTeam "PYO"]
[BlackTeam "Micro Mark NWE II"]
[WhiteTeamCountry "ENG"]
[BlackTeamCountry "ENG"]

1. d4 d5 2. Nf3 Nf6 3. c4 e6 4. Nc3 Be7 5. Bg5 h6 6. Bxf6 Bxf6 7. Qc2 0-0 8. e4 dxe4 9. Qxe4 c5 10. 0-0-0 Bxd4 11. Nxd4 cxd4 12. Rxd4 Qa5 13. Be2 Nd7 14. Rhd1 Nf6 15. Qe3 e5 16. Rd6 Be6 17. Kb1 Rac8 18. b3 Rfe8 19. Kb2 Qc5 20. Qxc5 Rxc5 21. b4 Rcc8 22. c5 a6 23. a3 Rc7 24. h3 Kf8 25. Bf3 Bc8 26. Bd5 Rce7 27. f3 Be6 28. Bb3 Bxb3 29. Kxb3 Rc7 30. Ne4 Nxe4 31. fxe4 a5 32. Kc4 axb4 33. axb4 Ke7 34. Kb5 Rec8 35. R1d5 f6 36. g4 Ke8 37. h4 Re7 38. Kb6 Rcc7 39. b5 Rc8 40. Rd3 Ra8 41. Rd2 Rc8 42. Ra2 Kf7 43. Ra7 Rb8 44. Ra3 Rc8 45. Rf3 Ke8 46. g5 hxg5 47. hxg5 fxg5 48. Rf5 Ra8 49. Rxg5 Ra4 50. Rg4 Rd4 51. Rxd4 exd4 52. e5 d3 53. Rd4 Rd7 54. Rxd7 Kxd7 55. c6+ bxc6 56. bxc6+ Ke7 57. c7 d2 1/2-1/2

[Event "BCF-chT 0405 (4NCL)"]
[Site "West Bromwich"]
[Date "2005.05.02"]
[Round "11.6"]
[White "Hulmes, David I"]
[Black "Yeo, Michael J"]
[Result "1-0"]
[WhiteElo "2206"]
[BlackElo "2222"]
[PlyCount "63"]
[EventDate "2004.09.18"]
[EventType "team"]
[EventRounds "11"]
[EventCountry "ENG"]
[SourceTitle "EXT 2006"]
[Source "ChessBase"]
[SourceDate "2005.11.24"]
[SourceVersion "1"]
[SourceVersionDate "2005.11.24"]
[SourceQuality "1"]
[WhiteTeam "Micro Mark NWE"]
[BlackTeam "Warwicks Select"]
[WhiteTeamCountry "ENG"]
[BlackTeamCountry "ENG"]

1. e4 e5 2. Nf3 Nc6 3. Bb5 a6 4. Ba4 d6 5. 0-0 Bg4 6. h3 h5 7. d4 b5 8. Bb3 Nxd4 9. hxg4 Nxb3 10. axb3 hxg4 11. Ng5 Qd7 12. Nc3 c6 13. Be3 f6 14. f4 exf4 15. Rxf4 Nh6 16. Ne2 fxg5 17. Rf1 Be7 18. c4 bxc4 19. bxc4 Bf6 20. Qb3 g3 21. Nxg3 Ng4 22. Rad1 Be5 23. Bd4 Bf4 24. c5 0-0-0 25. Qa3 Qb7 26. Rd3 dxc5 27. Qxc5 g6 28. Rfd1 Bd6 29. Qxg5 Qd7 30. Bxh8 Rxh8 31. Rxd6 Qa7+ 32. R1d4 1-0

[Event "BCF-chT2 0405 (4NCL)"]
[Site "West Bromwich"]
[Date "2005.05.01"]
[Round "10.4"]
[White "James, David J"]
[Black "Hulmes, David I"]
[Result "1/2-1/2"]
[WhiteElo "2236"]
[BlackElo "2206"]
[PlyCount "97"]
[EventDate "2004.09.18"]
[EventType "team"]
[EventRounds "11"]
[EventCountry "ENG"]
[SourceTitle "EXT 2006"]
[Source "ChessBase"]
[SourceDate "2005.11.24"]
[SourceVersion "1"]
[SourceVersionDate "2005.11.24"]
[SourceQuality "1"]
[WhiteTeam "SW Dragons"]
[BlackTeam "Micro Mark NWE II"]
[WhiteTeamCountry "ENG"]
[BlackTeamCountry "ENG"]

1. Nf3 d5 2. d4 Nf6 3. c4 e6 4. Nc3 Be7 5. Bg5 h6 6. Bh4 0-0 7. e3 b6 8. Be2 Bb7 9. Bxf6 Bxf6 10. cxd5 exd5 11. 0-0 c5 12. dxc5 bxc5 13. Qb3 Bc6 14. Rad1 Bxc3 15. Qxc3 Nd7 16. b4 Rc8 17. bxc5 Ba8 18. Nd4 Rxc5 19. Qd3 Nf6 20. Rc1 Qc7 21. Nb3 Rxc1 22. Rxc1 Qe7 23. Qa6 Ne4 24. Rc8 Rxc8 25. Qxc8+ Qf8 26. Qc7 Qb4 27. Kf1 Qb7 28. Qxb7 Bxb7 29. Bd3 Kf8 30. f3 Nd6 31. Ke2 Ke7 32. Kd2 Ne8 33. Kc3 Kd6 34. Nd4 Kc5 35. Bb5 Nc7 36. Bd7 g6 37. h4 Ba6 38. g4 Bc4 39. a3 a6 40. f4 Kd6 41. Ba4 Kc5 42. g5 hxg5 43. hxg5 Bb5 44. Bd1 Be8 45. a4 a5 46. Nb3+ Kb6 47. Nc1 Ne6 48. Nd3 Nc5 49. Nxc5 1/2-1/2

[Event "BCF-chT3 0203 (4NCL)"]
[Site "West Bromwich"]
[Date "2003.03.09"]
[Round "6.3"]
[White "Elwin, Adrian G"]
[Black "Hulmes, David I"]
[Result "1/2-1/2"]
[WhiteElo "2031"]
[BlackElo "2136"]
[PlyCount "99"]
[EventDate "2002.11.??"]
[EventType "team"]
[EventRounds "11"]
[EventCountry "ENG"]
[SourceTitle "EXT 2004"]
[Source "ChessBase"]
[SourceDate "2003.11.25"]
[SourceVersion "1"]
[SourceVersionDate "2003.11.25"]
[SourceQuality "1"]
[WhiteTeam "Milton Keynes"]
[BlackTeam "NW Eagles II"]
[WhiteTeamCountry "ENG"]
[BlackTeamCountry "ENG"]

1. Nf3 d5 2. c4 e6 3. d4 Nf6 4. Nc3 Be7 5. Bg5 h6 6. Bh4 0-0 7. e3 b6 8. Bd3 Bb7 9. cxd5 Nxd5 10. Bg3 Nd7 11. Rc1 Nxc3 12. bxc3 c5 13. 0-0 Nf6 14. Bb1 Be4 15. Be5 Bxb1 16. Rxb1 Bd6 17. Qd3 Bxe5 18. Nxe5 Qc7 19. f4 Nd7 20. Rf3 Rad8 21. Nxd7 Rxd7 22. f5 exf5 23. Rxf5 cxd4 24. exd4 Rc8 25. Rf3 Qc4 26. Qxc4 Rxc4 27. Kf2 Rdc7 28. Rb3 Kf8 29. Re3 Re7 30. Rxe7 Kxe7 31. Ke3 b5 32. Kd3 a6 33. Ra3 Rc6 34. Rb3 Kd6 35. a4 Rb6 36. axb5 axb5 37. Ke4 Kc6 38. Rb2 f6 39. h4 Ra6 40. g3 g6 41. Rd2 Kd6 42. Rb2 f5+ 43. Kf4 Ra5 44. Re2 Ra3 45. Re3 Rb3 46. h5 gxh5 47. Kxf5 b4 48. Re6+ Kd7 49. Rb6 Rxc3 50. Rxb4 1/2-1/2